LEADER 02251oam 2200661 450 001 9910709603903321 005 20180810114018.0 035 $a(CKB)5470000002472202 035 $a(OCoLC)784231013$z(OCoLC)760058199 035 $a(EXLCZ)995470000002472202 100 $a20120405d1998 ua 0 101 0 $aeng 135 $aur||||||||||| 181 $ctxt$2rdacontent 182 $cc$2rdamedia 183 $acr$2rdacarrier 200 10$aCognitive requirements for small unit leaders in military operations in urban terrain /$fJennifer Phillips [and four others] 210 1$aAlexandria, Virginia :$cU.S. Army Research Institute for the Behavioral and Social Sciences,$d1998. 215 $a1 online resource (77 pages in various pagings) $cillustrations 225 1 $aResearch report ;$v1728 300 $a"September 1998." 300 $a"Performing Organization: Klein Associates"--Report documentation page. 300 $a"Army Project Number 2O665502M770." 320 $aIncludes bibliographical references. 606 $aSoldiers$xTraining of$zUnited States 606 $aCombat$xPsychological aspects$xEvaluation 606 $aTask analysis 606 $aUrban warfare 606 $aCognition 606 $aCognition$2fast 606 $aSoldiers$xTraining of$2fast 606 $aTask analysis$2fast 606 $aUrban warfare$2fast 607 $aUnited States$2fast 615 0$aSoldiers$xTraining of 615 0$aCombat$xPsychological aspects$xEvaluation. 615 0$aTask analysis. 615 0$aUrban warfare. 615 0$aCognition. 615 7$aCognition. 615 7$aSoldiers$xTraining of. 615 7$aTask analysis. 615 7$aUrban warfare. 700 $aPhillips$b Jennifer K.$01405197 712 02$aU.S. Army Research Institute for the Behavioral and Social Sciences, 712 02$aKlein Associates (Fairborn, Ohio) 801 0$bOCLCE 801 1$bOCLCE 801 2$bOCLCQ 801 2$bOCLCF 801 2$bOCLCQ 801 2$bOCLCO 801 2$bOCLCQ 801 2$bGPO 906 $aBOOK 912 $a9910709603903321 996 $aCognitive requirements for small unit leaders in military operations in urban terrain$93481482 997 $aUNINA LEADER 02778nam 2200613 450 001 9910797161203321 005 20230228200959.0 010 $a0-8047-9567-3 010 $a9780804795678$b(ebook) 035 $a(CKB)3710000000411027 035 $a(MiAaPQ)EBC3568942 035 $a(Au-PeEL)EBL3568942 035 $a(CaPaEBR)ebr11055211 035 $a(OCoLC)932322643 035 $a(EXLCZ)993710000000411027 100 $a20150527h20152015 uy 0 101 0 $aeng 135 $aurcnu|||||||| 181 $2rdacontent 182 $2rdamedia 183 $2rdacarrier 200 10$aDrugs, thugs, and diplomats $eU.S. policymaking in Colombia /$fWinifred Tate 210 1$aStanford, California :$cStanford University Press,$d2015. 210 4$dİ2015 215 $a1 online resource (300 pages) $cillustrations, photographs 225 1 $aAnthropology of Policy 311 $a0-8047-9566-5 311 $a0-8047-9201-1 320 $aIncludes bibliographical references and index. 327 $aIntroduction : anthropology of policy -- Domestic drug policy goes to war -- Human rights policymaking and military aid -- Paramilitary proxies -- Living under many laws -- Origin stories -- Competing solidarities -- Putumayan policy claims -- Conclusion : Plan Colombia, Putumayo, and the policymaking imagination. 330 $a"In 2000, the U.S. passed a major aid package that was going to help Colombia do it all: cut drug trafficking, defeat leftist guerrillas, support peace, and build democracy. More than 80% of the assistance, however, was military aid, at a time when the Colombian security forces were linked to abusive, drug-trafficking paramilitary forces. Drugs, Thugs, and Diplomats examines the U.S. policymaking process in the design, implementation, and consequences of Plan Colombia, as the aid package came to be known."--Publisher's description 410 0$aAnthropology of policy (Stanford, Calif.) 606 $aDrug control$zUnited States 606 $aDrug control$zColombia 606 $aMilitary assistance, American$zColombia 606 $aCounterinsurgency$zColombia 606 $aParamilitary forces$zColombia 607 $aUnited States$xForeign relations$zColombia 607 $aColombia$xForeign relations$zUnited States 607 $aColombia$xPolitics and government$y1974- 615 0$aDrug control 615 0$aDrug control 615 0$aMilitary assistance, American 615 0$aCounterinsurgency 615 0$aParamilitary forces 676 $a327.730861 700 $aTate$b Winifred$f1970-$01074583 801 0$bMiAaPQ 801 1$bMiAaPQ 801 2$bMiAaPQ 906 $aBOOK 912 $a9910797161203321 996 $aDrugs, thugs, and diplomats$93855776 997 $aUNINA